LEADER 01730nam a2200337 a 4500 001 000000163920 003 CaOOAMICUS 005 20171107093356.0 008 171107m20179999it h u000 u ita r 020 $a978-88-6705-603-3 (v. 1)* 032 $aLibriCat 040 $aPUL$bita 100 1 $aRosboch, Michele.$0(OLS)http://pul/name/105326 245 10$aFra angustie di coscienza e ordine politico /$cMichele Rosboch. 260 $aMilano :$bLedizioni,$c©2017- 300 $av. :$bfacsim. ;$c24 cm. 490 1 $aQuaderni del Dipartimento di Giurisprudenza dell'Universitą di Torino ;$v1/2017 504 $aBibliografia in nota. 505 1 $aV. 1. Il giuramento degli ecclesiastici all'inizio del regno di Carlo Felice (1821-1822). 650 4$aChiesa$xStoria$zItalia$ySec. XIX.$0(OLS)http://pul/subject/45077 651 4$aItalia$xStoria$ySec. XIX.$0(OLS)http://pul/subject/3097 740 32$aIl giuramento degli ecclesiastici all'inizio del regno di Carlo Felice (1821-1822) /. 830 0$aQuaderni del Dipartimento di Giurisprudenza dell'Universitą di Torino ;$v1/2017.$0(OLS)http://pul/title/203617 850 $aPUL 852 $aPUL$W1$xDP1 Cons. Gen., Altre Classi 1$y22$m1039 F 8.1.1$j188034$bv. 1$qStampati$B191193$CPULBib$Z2$F191193 $H130183 $81 941 1 $a8 996 $6020$a978-88-6705-603-3 (v. 1)*$9(OLS)http://pul/number/163251 996 $6245$aFra angustie di coscienza e ordine politico$9(OLS)http://pul/title/203618 996 $6740$aIl giuramento degli ecclesiastici all'inizio del regno di Carlo Felice (1821-1822)$9(OLS)http://pul/title/203619 996 $6260$aMilano :$bLedizioni$9(OLS)http://pul/publisher/86509 LEADER 01478nam a2200301 u 4500 001 000000046388 003 CaOOAMICUS 005 20070226114752.0 008 990708s1981 vc u000 u ita u 020 $a8820913526 020 $a8821181146 035 $a10829080 040 $aPUL(R)$bita 110 2 $aSynodus Episcoporum$d(1980).$0(OLS)http://pul/name/33777 245 13$aLe famiglie al sinodo :$binterventi, relazioni, testimonianze alla V assemblea generale del Sinodo dei Vescovi (26 settembre-25 ottobre 1980) /$ca cura del Pontificio comitato per la famiglia. 260 $aCittą del Vaticano :$bLibreria editrice vaticana ;$aRoma :$bMarietti,$cc1981. 300 $a191 p. ;$c22 cm 500 $aContiene indici. 650 4$aFamiglia$xCongressi.$0(OLS)http://pul/subject/15540 850 $aPUL 852 $aPUL$W1$xSL Religione 1$y3$m30 M 16$j62196$nBK-PRI$b $qStampati$B62196$CPULBib$Z2$F62196 $H $81 941 1 $a8 961 $aINV: 48841 996 $6020$a8820913526$9(OLS)http://pul/number/57846 996 $6020$a8821181146$9(OLS)http://pul/number/57847 996 $6245$aLe famiglie al sinodo :$binterventi, relazioni, testimonianze alla V assemblea generale del Sinodo dei Vescovi (26 settembre-25 ottobre 1980)$9(OLS)http://pul/title/62495 996 $6260$aCittą del Vaticano :$bLibreria editrice vaticana$9(OLS)http://pul/publisher/47920 996 $6260$aRoma :$bMarietti$9(OLS)http://pul/publisher/53040